00734cam a2200241 a 4500001000800000005001700008008004100025010001700066020003200083040001800115041000800133043001200141080001400153082002100167100000700188101000800195245003500203504006400238906004500302942001200347999001700359952011600376392435720180313050501.0920914s1993 nyuaf b 001 0 eng  a 92034840  a0814711871 (acidfree paper) aDLCcDLCdDLC aeng an-us--- a306.0973 00a306.0973 BUR2201 a50 aSOC10aBad habits :cJohn C. Burnham. aIncludes bibliographical references (p. 298-373) and index. a7bcbccorignewd1eocipf19gy-gencatlg 2ddccBK c44837d44837 00102udc40708PËKGa002b002cPËKGd2018-03-13l0o306.0973 BURp002-3002166r2018-03-13w2018-03-13yBK